<?xml version="1.0" encoding="UTF-8"?>
<collection xmlns="http://www.loc.gov/MARC21/slim">
 <record>
  <leader>00639pamaa2200217   4500</leader>
  <controlfield tag="001">0000053998</controlfield>
  <controlfield tag="005">20161025090000.0</controlfield>
  <controlfield tag="008">20161025s2016    eng</controlfield>
  <datafield tag="020" ind1="0" ind2="0">
   <subfield code="a">9781305269477 </subfield>
  </datafield>
  <datafield tag="082" ind1=" " ind2=" ">
   <subfield code="a">519.5 OTT</subfield>
  </datafield>
  <datafield tag="090" ind1="0" ind2="0">
   <subfield code="a">QA276.12 </subfield>
   <subfield code="b">OTT 2016</subfield>
  </datafield>
  <datafield tag="100" ind1="1" ind2="0">
   <subfield code="a">Ott </subfield>
  </datafield>
  <datafield tag="245" ind1="1" ind2="3">
   <subfield code="a">An introduction to statistical methods and data analysis  </subfield>
   <subfield code="c">R. Lyman Ott, Michaael Longnecker.</subfield>
  </datafield>
  <datafield tag="250" ind1="0" ind2="0">
   <subfield code="a">7th ed.</subfield>
  </datafield>
  <datafield tag="260" ind1="0" ind2="0">
   <subfield code="a">Boston: </subfield>
   <subfield code="b">Cengage Learning, </subfield>
   <subfield code="c">2016.</subfield>
  </datafield>
  <datafield tag="300" ind1=" " ind2=" ">
   <subfield code="a">xv, 1174p.: </subfield>
   <subfield code="b">ill.; col; </subfield>
   <subfield code="c">26cm.</subfield>
  </datafield>
  <datafield tag="500" ind1="0" ind2="0">
   <subfield code="a">PhD Management</subfield>
  </datafield>
  <datafield tag="650" ind1="0" ind2="0">
   <subfield code="a">Statistics </subfield>
  </datafield>
  <datafield tag="650" ind1="0" ind2="0">
   <subfield code="a">Mathematical statistics </subfield>
  </datafield>
  <datafield tag="700" ind1="1" ind2="0">
   <subfield code="a">Longnecker, </subfield>
   <subfield code="h">Michael </subfield>
  </datafield>
  <datafield tag="901" ind1=" " ind2=" ">
   <subfield code="u">http://www.cengage.com</subfield>
  </datafield>
 </record>
</collection>
